00980 a2200205 4500003000500000005001700005010001600022020001900038040000900057082001800066100002500084245006900109260003700178300003400215505033200249650003500581942001200616999001900628952012700647Nust20221206095005.0 a 95005291 a0070376581 (H) cNust00a621.38154,LEN1 aLenk, John D.95774110aMcGraw-Hill electronic troubleshooting handbook /cJohn D. Lenk. aNew York :bMcGraw-Hill,cc1995. axii, 372 p. :bill. ;c25 cm. aIntroduction to Electronic Troubleshooting (Page-1), Television Circuit Troubleshooting (Page-105), VCR Circuit Troubleshooting (Page-179), Camcorder Circuit Troubleshooting (Page-235), CD And DAT Circuit Troubleshooting (Page-271), Digital Circuit Troubleshooting (Page-307), Communications Circuit Troubleshooting (Page-355). 0aTelecommunication Engineering. 2ddccBK c182445d182445 00102ddc4070aMCSbMCScGENd2016-12-12o621.38154,LENpMCS28635r2016-12-08w2016-12-12yBKzAlmirah No.34, Shelf No.5